| 000 | 00499nam a2200181Ia 4500 | ||
|---|---|---|---|
| 001 | 16695 | ||
| 005 | 20260306170329.0 | ||
| 008 | 260306t1994||||xx |||||||||||||| ||und|| | ||
| 041 | _aESP | ||
| 082 |
_a349.5 _bR31 |
||
| 100 |
_aReal Academia Española _eAUT |
||
| 245 | 0 | _aLa lengua de los derechos. La formación del derecho público europeo tras la revolución francesa | |
| 260 | _c1994 | ||
| 300 |
_a275 páginas : _c23 cm. |
||
| 650 | _aGEN | ||
| 654 | _aCDE | ||
| 942 |
_cLIB _dJUS _fJUS _2ddc _n |
||
| 999 |
_c16695 _d16695 |
||